| 000 | 00580cam a2200217ua 4500 | ||
|---|---|---|---|
| 001 | 6976 | ||
| 008 | 141118n ii |||gr||||Z||||||eng | ||
| 020 | _a9788124401606 | ||
| 040 | _cMAIN | ||
| 041 | _aeng | ||
| 082 | _a301 | ||
| 100 |
_aNeog, Maheswar, _eAuthor. |
||
| 245 | 1 |
_aTradition and style : _bFew Studies on assamese culture / _cBy Maheswar Neog . |
|
| 250 | _a2nd rev. | ||
| 260 |
_aGuwahati: _bChndra, _c2011. |
||
| 300 | _axix,260p. | ||
| 653 | _aSociology & anthropology | ||
| 653 | _aAssamese culture | ||
| 700 |
_aNeog, Pranavsvarup, _eEditor. |
||
| 942 | _cBK | ||
| 999 |
_c6117 _d6117 |
||